Effect of the addition of ultrafine aluminum powders on the rheological properties and burning rate of energetic condensed systems; Combustion, Explosion and Shock Waves; Vol. 9, № 5

Bibliographic Details
Parent link:Combustion, Explosion and Shock Waves.— , 1965-
Vol. 9, № 5.— 2007.— [P. 1521-524]
Other Authors: Popenko E. M., Gromov A. A. Aleksandr Aleksandrovich, Shamina Yu. Yu., Ilyin A. P. Aleksandr Petrovich, Sergienko A. V., Popok N. I.
Summary:Title screen
The effect of small additives (1.25–5.00%) of ultrafine aluminum powders (UFAP) onthe rheology and combustion of model four-component energetic condensed systemsis studied. It is found that the addition of UFAP decreases the temperature of HMXdecomposition. Small additives of UFAP increase the burning rate of model energeticcondensed systems and decrease the exponent ? in the burning rate law withoutdeteriorating the rheological characteristics of the model propellants.
Режим доступа: по договору с организацией-держателем ресурса
Language:English
Published: 2007
Subjects:
Online Access:http://dx.doi.org/10.1007/s10573-007-0007-4
Format: Electronic Book Chapter
KOHA link:https://koha.lib.tpu.ru/cgi-bin/koha/opac-detail.pl?biblionumber=646884

MARC

LEADER 00000naa0a2200000 4500
001 646884
005 20250203114757.0
035 |a (RuTPU)RU\TPU\network\12021 
035 |a RU\TPU\network\12013 
090 |a 646884 
100 |a 20160318d2007 k||y0rusy50 ba 
101 0 |a eng 
135 |a drnn ---uucaa 
181 0 |a i  
182 0 |a b 
200 1 |a Effect of the addition of ultrafine aluminum powders on the rheological properties and burning rate of energetic condensed systems  |f E. M. Popenko [et al.] 
203 |a Text  |c electronic 
300 |a Title screen 
320 |a [References: p. 50 (15 tit.)] 
330 |a The effect of small additives (1.25–5.00%) of ultrafine aluminum powders (UFAP) onthe rheology and combustion of model four-component energetic condensed systemsis studied. It is found that the addition of UFAP decreases the temperature of HMXdecomposition. Small additives of UFAP increase the burning rate of model energeticcondensed systems and decrease the exponent ? in the burning rate law withoutdeteriorating the rheological characteristics of the model propellants. 
333 |a Режим доступа: по договору с организацией-держателем ресурса 
461 |t Combustion, Explosion and Shock Waves  |d 1965- 
463 |t Vol. 9, № 5  |v [P. 1521-524]  |d 2007 
610 1 |a электронный ресурс 
610 1 |a труды учёных ТПУ 
610 1 |a ultrafine aluminum powders 
610 1 |a energetic condensed systems 
610 1 |a passivation 
610 1 |a ammonium perchlorate 
701 1 |a Popenko  |b E. M. 
701 1 |a Gromov  |b A. A.  |c Chemical Engineer  |c Professor of Tomsk Polytechnic University, Doctor of technical sciences  |f 1975-  |g Aleksandr Aleksandrovich  |3 (RuTPU)RU\TPU\pers\33059  |9 16893 
701 1 |a Shamina  |b Yu. Yu. 
701 1 |a Ilyin  |b A. P.  |c chemist  |c Professor of Tomsk Polytechnic University, Doctor of physical and mathematical sciences  |f 1949-  |g Aleksandr Petrovich  |3 (RuTPU)RU\TPU\pers\33060  |9 16894 
701 1 |a Sergienko  |b A. V. 
701 1 |a Popok  |b N. I. 
801 2 |a RU  |b 63413507  |c 20160830  |g RCR 
856 4 |u http://dx.doi.org/10.1007/s10573-007-0007-4 
942 |c CF